| 000 | 01084nam a22002297a 4500 | ||
|---|---|---|---|
| 999 |
_c64685 _d64685 |
||
| 005 | 20240530110744.0 | ||
| 008 | 181125s2017 ua d g b 000 0 ara d | ||
| 017 | _bمصر. دار الكتب | ||
| 040 |
_aEG-CaGPL _cEG-CaGPL |
||
| 082 | 0 | 4 |
_221 _a967.6 / _bإ د |
| 100 | 0 | _aابراهيم عبدالمنعم سلامة ابو العلا | |
| 245 | 1 | 0 |
_aدراسات فى تاريخ شرق افريقيا : _bبين القرنين الرابع والثامن الهجريين / العاشر والرابع عشر الميلاديين / _cابراهيم عبدالمنعم سلامة ابو العلا |
| 260 |
_aالاسكندرية : _bدار المعرفة الجامعية ، _c2017. |
||
| 300 |
_a198 ص. : _bخرائط ؛ _c24 سم. |
||
| 650 | _2qrmak | ||
| 651 | 0 | 7 |
_2qrmak _aافريقيا _xتاريخ |
| 651 | 0 | 7 |
_2qrmak _aافريقيا _xاحوال وعادات اجتماعية |
| 651 | 0 | 7 |
_2qrmak _aافريقيا _vخرائط |
| 651 | 0 | 7 |
_2qrmak _aافريقيا _xاحوال وعادات دينية |
| 942 |
_2ddc _cBK |
||